| 000 | 00401nam a22001697a 4500 | ||
|---|---|---|---|
| 005 | 20180703172427.0 | ||
| 008 | 160620b xxu||||| |||| 00| 0 eng d | ||
| 020 | _a978-0-07-065-614-7 | ||
| 041 | _aeng | ||
| 082 |
_b8447 _a658.15 |
||
| 100 |
_aKhan, Y K and Jain P.K. _92303 |
||
| 245 | _aFinancial Management | ||
| 260 |
_bTMH _c2008 |
||
| 300 | _a37.25 | ||
| 650 |
_aManagement _9241 |
||
| 942 | _cBK | ||
| 999 |
_c3230 _d3229 |
||